Catálogo
 En Linea

Para leer a René Rodríguez Soriano : (Registro nro. 49676)

Detalles MARC
000 -CABECERA
campo de control de longitud fija 02678nam a2200337 i 4500
003 - IDENTIFICADOR DEL NÚMERO DE CONTROL
campo de control DO-SdBNP
005 - FECHA Y HORA DE LA ÚLTIMA TRANSACCIÓN
campo de control 20250203100935.0
007 - CAMPO FIJO DE DESCRIPCIÓN FÍSICA--INFORMACIÓN GENERAL
campo de control de longitud fija ta
008 - DATOS DE LONGITUD FIJA--INFORMACIÓN GENERAL
campo de control de longitud fija 210324b2017 dr 17 r 00| 0 spa spa d
020 ## - NÚMERO INTERNACIONAL ESTÁNDAR DEL LIBRO
Número Internacional Estándar del Libro 9781365413216
040 ## - FUENTE DE LA CATALOGACIÓN
Centro catalogador/agencia de origen DO-SdBNP
Lengua de catalogación spa
Centro/agencia transcriptor BNPHU
Normas de descripción rda
041 ## - CÓDIGO DE LENGUA
Código de lengua original spa
082 #4 - NÚMERO DE LA CLASIFICACIÓN DECIMAL DEWEY
Número de clasificación RD863.44
Número de documento/Ítem F727p
Número de edición 22
100 1# - ENTRADA PRINCIPAL--NOMBRE DE PERSONA
Nombre de persona Fornerín, Miguel Ángel,
Fechas asociadas al nombre 1960-
9 (RLIN) 22504
Término indicativo de función/relación autor
245 10 - MENCIÓN DE TÍTULO
Título Para leer a René Rodríguez Soriano :
Resto del título (sin maestro) /
Mención de responsabilidad, etc. Miguel Ángel Fornerín.
264 #1 - PRODUCCIÓN, PUBLICACIÓN, DISTRIBUCIÓN, FABRICACIÓN Y COPYRIGHT
Producción, publicación, distribución, fabricación y copyright Santo Domingo :
Nombre del de productor, editor, distribuidor, fabricante Santuario,
Fecha de producción, publicación, distribución, fabricación o copyright 2017.
300 ## - DESCRIPCIÓN FÍSICA
Extensión 144 páginas
Otras características físicas ilustraciones
Dimensiones 23 cm.
336 ## - TIPO DE CONTENIDO
Término de tipo de contenido texto
Código de tipo de contenido txt
Fuente rdacontent
337 ## - TIPO DE MEDIO
Nombre/término del tipo de medio sin mediación
Código del tipo de medio n
Fuente rdamedia
338 ## - TIPO DE SOPORTE
Nombre/término del tipo de soporte volumen
Código del tipo de soporte nc
Fuente rdacarrier
500 ## - NOTA GENERAL
Nota general Incluye datos biográficos del autor en la solapa de la cubierta.
500 ## - NOTA GENERAL
Nota general Incluye referencias bibliográficas y notas al pie de las páginas.
504 ## - NOTA DE BIBLIOGRAFÍA, ETC.
Nota de bibliografía, etc. Bibliografía : p. 131-134
505 0# - NOTA DE CONTENIDO CON FORMATO
Nota de contenido con formato Para leer a René Rodríguez Soriano (todos los juegos el juego),13. -- Contar y cantar. La cuentística de René Rodríguez Soriano,21. -- La narrativa de René Rodríguez Soriano, la poética de lo bizarro,23. -- René Rodríguez Soriano y la poeticidad del cuento,31. -- El arte como epifanía en Solo la flauta,37. -- No-verlas en su niebla. Fragmentos para una teoría del amor,45. -- Una novela que nos invita a repensar el pasado,51. -- Vanguardismo y narratividad en El mal del tiempo,57. -- Pretextos per-versos. La utopía como horizonte de espera,69. -- El tránsito generacional y el fin de otra era,73. -- El poeta en tránsito hacia otra voz,77. -- Los contextos y las rupturas poéticas en Muestra gratis,83. --Poesía, tiempo y memoria, a propósito de Apunte a lápiz,89. -- Lengua, comunicación y símbolo, a propósito de Rumor de pez,97. -- A ton y son. Bailando boleros caribeños en cámara lenta,103. -- Dos angelitos blasfemos,109. -- En con-sonancia. Nota inconclusa,113. -- Antropología de bolsillo. Ecos de otras voces,119. -- Caja de [h]erramientas. Textos y contextos. Bibliografía crítica,131. -- Sobre el cuento dominicano,132. -- René Rodríguez Soriano (básico). Libros publicados,135. -- Poesía,135. -- Narrativa,135. -- Ensayo,136. --Compilaciones,136.-- En colaboración,136.-- Prólogos, notas,136.-- Antologías en las que aparece. Ensayo,136. -- Narrativa,137. -- Poesía,138. -- Sobre el autor,138.
590 ## - NOTA LOCAL (RLIN)
Nota local Inventariado, 2021 /LP<br/><br/>
600 14 - PUNTO DE ACCESO ADICIONAL DE MATERIA--NOMBRE DE PERSONA
Nombre de persona Fornerín, Miguel Ángel,
Fechas asociadas al nombre 1950-
Subdivisión general Crítica e interpretación
9 (RLIN) 79734
650 #4 - PUNTO DE ACCESO ADICIONAL DE MATERIA--TÉRMINO DE MATERIA
Término de materia o nombre geográfico como elemento de entrada Cuentos dominicanos
9 (RLIN) 79735
650 #4 - PUNTO DE ACCESO ADICIONAL DE MATERIA--TÉRMINO DE MATERIA
Término de materia o nombre geográfico como elemento de entrada Literatura dominicana
9 (RLIN) 79736
910 ## - DATOS DE OPCIÓN DEL USUARIO (OCLC)
Datos de opción del usuario Inventariado, 2021 / LP/Validado. Control de calidad MFF
942 ## - ELEMENTOS DE PUNTO DE ACCESO ADICIONAL (KOHA)
Fuente del sistema de clasificación o colocación Dewey Decimal Classification
Tipo de ítem Koha Libro
Existencias
Estado de retiro Estado de pérdida Fuente del sistema de clasificación o colocación Restricciones de uso No para préstamo Código de colección Localización permanente Ubicación/localización actual Ubicación en estantería Fecha de adquisición Fuente de adquisición Total de préstamos Signatura topográfica completa Código de barras Fecha visto por última vez Precio válido a partir de Tipo de ítem Koha Número de copia Nota pública
    Dewey Decimal Classification Préstamo en sala   Dominicana de Servicio Biblioteca Nacional Pedro Henríquez Ureña Biblioteca Nacional Pedro Henríquez Ureña En catalogación 03.02.2025 Donado por la Presidencia de la República Dominicana 2023   BNPHU DS RD863.44 F727p 2025-0670 03.02.2025 03.02.2025 Libro e.4 Pertenecio a la biblioteca de René Rodríguez Soriano
    Dewey Decimal Classification Préstamo en sala   Monografías: Libros y Folletos Biblioteca Nacional Pedro Henríquez Ureña Dominicana Depósito 24.03.2021 Depósito Legal   BNPHU DS RD863.44 F727p 2021-1205 24.03.2021 24.03.2021 Libro e.3  
    Dewey Decimal Classification Excluido de préstamo   Monografías: Libros y Folletos Biblioteca Nacional Pedro Henríquez Ureña Patrimonio Dominicano Depósito 24.03.2021 Depósito Legal   BNPHU PD RD863.44 F727p 2021-1203 24.03.2021 24.03.2021 Libro    
    Dewey Decimal Classification Excluido de préstamo   Monografías: Libros y Folletos Biblioteca Nacional Pedro Henríquez Ureña Patrimonio Dominicano Depósito 24.03.2021 Depósito Legal   BNPHU PD RD863.44 F727p 2021-1204 24.03.2021 24.03.2021 Libro e.2  

Con tecnología Koha